000 00585nam a2200217Ia 4500
005 20250425162125.0
008 250425s9999 xx 000 0 und d
020 _a0130330663
041 _aeng
082 _a658.4038
100 _aLAUDON, KENNETH C.
245 0 _aMANAGEMENT INFORMATION SYSTEMS: MANAGING THE DIGITAL FIRM
250 _a7TH ED.
260 _aEstados Unidos
_bPRENTICE HALL
_c2002
260 _aNEW YORK
300 _a545
650 _aADMINISTRACION DE SISTEMAS DE INFORMACION
650 _aTECNOLOGIA DE LA INFORMACION
942 _c01
010 _a51307
999 _c222789
_d222789